Detecting allergens in food

Gespeichert in:
Bibliographische Detailangaben
1. Verfasser: Koppelman, Stef J.
Weitere Verfasser: Hefle, Sue L.
Format: Buch
Sprache:Englisch
Veröffentlicht: Cambridge Woodhead Publishing Limited 2006
Ausgabe:1. edition
Schlagworte:
Online-Zugang:Im OPAC anzeigen
Tags: Tag hinzufügen
Keine Tags, Fügen Sie das erste Tag hinzu!

MARC

LEADER 00000nam a2200000 a 4500
005 20260127134324.0
008 070220 2006 enk 000 0 eng d
020 |a 1855737280 
035 |a vtls008947585 
039 9 |y 200702201207  |z mschk03 
040 |a STUSCHK1  |b slo  |c STUSCHK1  |e AACR2 
080 |a 613.2 
100 1 |a Koppelman, Stef J. 
245 1 |a Detecting allergens in food 
250 |a 1. edition 
260 |a Cambridge  |b Woodhead Publishing Limited  |c 2006 
300 |a xvi, 422 p. : ill. ; 24 cm 
650 0 |a detecting 
650 0 |a allergens in food 
700 1 |a Hefle, Sue L. 
910 |a SCHK95 
919 |a 1-85573-728-0 
999 |c 9763  |d 9763